La mosäïculture : histoire et considérations générales, choix des couleurs, tracé, plantation, entretien, description, emploi, rusticité, et multiplication des espèces employées a cet usage, etc.
Αποθηκεύτηκε σε:
| Κύριος συγγραφέας: | |
|---|---|
| Μορφή: | Βιβλίο |
| Γλώσσα: | French |
| Δημοσίευση: |
Paris :
Octave Doin,
1894
|
| Έκδοση: | 2η εκδ., διορθ., επαυξ. |
| Σειρά: | Bibliotheque d'Horticulture et de Jardibage
|
| Θέματα: | |
| Ετικέτες: |
Προσθήκη ετικέτας
Δεν υπάρχουν, Καταχωρήστε ετικέτα πρώτοι!
|
MARC
| LEADER | 00000cam a2200000 a 4500 | ||
|---|---|---|---|
| 001 | 1/107609 | ||
| 008 | 150722s1894####fr | ||| |||| ||fre|| | ||
| 040 | |a GR-MyUa |b gre |c GR-MyUa |e AACR2 | ||
| 041 | 0 | |a fre | |
| 082 | 7 | |a 635.9 |2 (23) | |
| 100 | 1 | |a Mottet, Seraphin |d 1861-1930. | |
| 245 | 1 | 0 | |a La mosäïculture : |b histoire et considérations générales, choix des couleurs, tracé, plantation, entretien, description, emploi, rusticité, et multiplication des espèces employées a cet usage, etc. / |c par S. Mottet. |
| 250 | |a 2η εκδ., διορθ., επαυξ. | ||
| 260 | |a Paris : |b Octave Doin, |c 1894 | ||
| 300 | |a viii, 130, [12], 4], σ. : |b εικ. ; |c 18 εκ. | ||
| 490 | 1 | |a (Bibliotheque d'Horticulture et de Jardibage) | |
| 650 | 0 | |a Flower gardening | |
| 650 | 0 | |a Knot gardens | |
| 650 | 0 | |a Gardens |x Design. | |
| 830 | 0 | |a Bibliotheque d'Horticulture et de Jardibage | |
| 852 | |a INST |b SAMOS |c MOR |e 20150722 |h 635.9 MOT |p 005300042443 |q 005300042443 |t NOLOAN |y 23 | ||
| 970 | |a Κοσιέρης |b Χρήστος |z 22-07-2015 | ||